000 00254nam a22001097a 4500
008 170110b xxu||||| |||| 00| 0 eng d
020 _a07490690
041 _aeng
080 _a618.2
245 _aCLINICS IN GERIATRIC MEDICINE
_cTHOMAS, D
942 _2udc
_cBK
999 _c2658
_d2658